000
00315nam a22001337a 4500
008
170621b xxu||||| |||| 00| 0 eng d
020
_a
9780195123869
041
_a
eng
080
_a
94
100
_a
16
101
_a
SHH
245
_a
APPROACHES TO PEACE A READER IN PEACE STUDIES
_c
BARASH,D.P
942
_2
udc
_c
BK
999
_c
18494
_d
18494